Guns N' Roses Songs - Sudden Death - Statistics

General Stats
  • This quiz has been taken 128 times
  • The average score is 8 of 10
Answers on the Grid
Answers color-coded by a green-red scale on the quiz's grid according to % correct below.
Angels Fall in the Alley
Backstreet Rebel Heart
Breakdown
Broken Amp Confession
Broken Bottles at Dawn
City of Loaded Dreams
Coma
Don’t Cry
Estranged
Fire Escape Love Affair
Hard Rain on Chrome
Highway Sinners & Saints
Knockin’ on Heaven’s Door
Last Call for the Wild Ones
Locomotive
Midnight on Sunset Strip
Neon Voodoo Carnival
November Rain
Paradise City
Riot Hearts & Razor Smiles
Roses Bleed in the Rain
Shotgun Halo Blues
Smoke Over the Boulevard
Streetlights & Switchblades
Sunset Strip Renegades
Sweet Child O’ Mine
Velvet Chaos Parade
Welcome to the Jungle
Whiskey in the Rearview
Whiskey Tears & Dynamite
 
Answer Stats
Answer % Correct
November Rain
98%
Sweet Child O’ Mine
98%
Welcome to the Jungle
96%
Paradise City
95%
Knockin’ on Heaven’s Door
94%
Don’t Cry
84%
Estranged
65%
Coma
59%
Locomotive
55%
Breakdown
44%
No matching quizzes found
Score Distribution
Percent of People with Each Score
Percentile by Number Answered
Your Score History
You have not taken this quiz